Joan edukira

Принципы оценки электрокардиограммы. Нормальная электрокардиография учебное пособие

В учебном пособии рассматриваются теоретические вопросы, связанные с механизмом формирования электрического поля сердца. Подробно разбираются электрокардиографические отведения, варианты нормальной электрокардиограммы, методы оценки электрокардиограммы с учетом клинических данных. Особое внимание уд...

Deskribapen osoa

Gorde:
Xehetasun bibliografikoak
Egile nagusia: Шутко Г. В.
Beste egile batzuk: Сайганов С. А., Катамадзе Н. О.
Formatua: Книга
Hizkuntza:Russian
Argitaratua: Санкт-Петербург СЗГМУ им. И.И. Мечникова 2019
Sarrera elektronikoa:https://e.lanbook.com/book/242585
https://e.lanbook.com/img/cover/book/242585.jpg
Etiketak: Etiketa erantsi
Etiketarik gabe, Izan zaitez lehena erregistro honi etiketa jartzen!
LEADER 02017nam0a2200253 i 4500
001 242585
003 RuSpLAN
005 20221220174158.0
008 221220s2019 ru gs 000 0 rus
040 |a RuSpLAN 
041 0 |a rus 
044 |a ru 
245 0 0 |a Принципы оценки электрокардиограммы. Нормальная электрокардиография  |b учебное пособие  |c Шутко Г. В.,Сайганов С. А.,Катамадзе Н. О. 
260 |a Санкт-Петербург  |b СЗГМУ им. И.И. Мечникова  |c 2019 
300 |a 56 с. 
504 |a Библиогр.: доступна в карточке книги, на сайте ЭБС Лань 
520 8 |a В учебном пособии рассматриваются теоретические вопросы, связанные с механизмом формирования электрического поля сердца. Подробно разбираются электрокардиографические отведения, варианты нормальной электрокардиограммы, методы оценки электрокардиограммы с учетом клинических данных. Особое внимание уделено написанию электрокардиографического заключения. Учебно-методическое пособие предназначено для самостоятельной подготовки ординаторов по специальности 31.08.36 «Кардиология». 
521 8 |a Книга из коллекции СЗГМУ им. И.И. Мечникова - Медицина 
100 1 |a Шутко Г. В. 
700 1 |a Сайганов С. А. 
700 1 |a Катамадзе Н. О. 
856 4 |u https://e.lanbook.com/book/242585 
856 4 8 |u https://e.lanbook.com/img/cover/book/242585.jpg 
953 |a https://e.lanbook.com/img/cover/book/242585.jpg